| 000 | 01456nam a2200313 i 4500 | ||
|---|---|---|---|
| 001 | 190632 | ||
| 003 | ES-MaACL | ||
| 005 | 20240612114054.0 | ||
| 008 | 220225s2017 mx a 001 0 spa d | ||
| 020 | _a978-607-97852-1-5 | ||
| 080 | _a929-054.7(=1.460:72)"19" | ||
| 100 | 1 |
_aGonzález Quintanilla, Patricio. _9174218 |
|
| 245 | 1 | 0 |
_aDocumento Quintanilla : _bmemoria de las actividades desarrolladas por la Delegación de Veracruz : Comité Técnico de Ayuda a los Refugiados Españoles / _cPatricio G. Quintanilla ; [presentación, Jorge de Hoyos]. |
| 250 | _aEd. facsimilar. | ||
| 250 | _a1ª ed. | ||
| 260 |
_aCiudad de México : _bAteneo Español de México, _c2017. |
||
| 300 |
_a[32] p. : _bil. ; _c24 cm + _e1 CD interactivo. |
||
| 490 | 1 | _aRecordar el olvido | |
| 505 | 8 | _aContiene: Transcripciones: Índice general del documento; Informe previo; Informe e índice general de la memoria; Carta dirigida al Sr. D. José Puche | |
| 650 | 4 |
_aExiliados españoles- _zMéxico. _912674 |
|
| 700 | 1 |
_aHoyos Puente, Jorge de. _9151615 |
|
| 710 | 2 |
_aComité Técnico de Ayuda a los Republicanos Españoles. _9174219 |
|
| 710 | 2 |
_aAteneo Español de México. _92039 |
|
| 830 | 1 |
_aRecordar el olvido _9193487 |
|
| 852 | 4 |
_aES-MaACL _jA-14895 _9197811 _bR.152443 _cDEPO1 _dOlim: N-7895 _hDonación: Editorial |
|
| 852 | 4 |
_aES-MaACL _jROT 6/2/32 _cROT _hDonación: Editorial _9203350 |
|
| 942 | _2udc | ||
| 999 |
_c190632 _d190632 |
||